000 00585nam a2200193 i 4500
001 bgj
100 1 _aRAUCH, Fred
245 1 0 _aGongschlag No. 2 :
_bVersprecher, Hörerwünsche, Bonmots, Stilblüten, Theaterpannen, Pseudonyme /
_cFred Rauch ; Illustration D. O. Klama.
260 _aRosenheim :
_bRosenheimer,
_cc. 1981.
300 _a95 S. :
_bIll. ;
_c20 cm.
650 9 _aDeutsche Literatur
700 1 _aKLAMA, D. O.
_eIll.
020 _a347552323X
040 _cBPK
041 0 _ager
920 _a3-475-52323-X
942 _cKS
008 s gw f |000 0 ger
999 _c50519
_d50519
856 _uhttp://koha.tu.koszalin.pl/cgi-bin/koha/opac-detail.pl?biblionumber=50519
_yKatalog online BPK